DID地図から市町村当て - Statistics

General Stats
  • This quiz has been taken 94 times
  • The average score is 9 of 50
Answer Stats
Picture Answer % Correct
泉佐野市
93%
福岡市
81%
神戸市
79%
下関市
69%
広島市
47%
静岡市
46%
札幌市
43%
函館市
43%
大津市
34%
仙台市
24%
苫小牧市
21%
宇都宮市
17%
鹿児島市
17%
青森市
17%
浜松市
14%
旭川市
14%
高崎市
13%
室蘭市
13%
横須賀市
13%
高松市
13%
大分市
11%
長崎市
11%
稚内市
10%
舞鶴市
9%
富山市
9%
奄美市
9%
つくば市
7%
上越市
7%
帯広市
7%
長岡市
7%
釜石市
7%
釧路市
6%
小樽市
4%
高知市
4%
徳島市
4%
丸亀市
4%
諏訪市
4%
金沢市
4%
いわき市
3%
松江市
3%
福島市
3%
網走市
3%
佐世保市
3%
津市
1%
呉市
1%
高山市
1%
四国中央市
1%
東広島市
1%
岩国市
1%
宮崎市
0%
No matching quizzes found
Score Distribution
Percent of People with Each Score
Percentile by Number Answered
Your Score History
You have not taken this quiz